| 000 | 00913nam a2200253Ia 4500 | ||
|---|---|---|---|
| 999 |
_c64386 _d64386 |
||
| 005 | 20240530110729.0 | ||
| 008 | 140319s2007 ua a g b 000 0 ara d | ||
| 017 |
_a2007/15410 _bمصر. دار الكتب |
||
| 020 | _a9774271629 | ||
| 040 |
_aGCL / _cGCL |
||
| 082 | 0 | 4 |
_a020 / _bم م _221 |
| 100 | 0 | _aمحمد فتحى عبدالهادى | |
| 245 | 1 | 2 |
_aالمكتبات والمعلومات فى عالم جديد / _cمحمد فتحى عبدالهادى |
| 250 | _aط.1 | ||
| 260 |
_aالقاهرة : _bالدار المصرية اللبنانية ، _c2007. |
||
| 300 |
_a246 ص. : _bجداول ؛ _c24 سم. |
||
| 504 | _aيشتمل على ارجاعات ببليوجرافية | ||
| 650 | 0 | 7 |
_aالمعلومات _2qrmak |
| 650 | 0 | 7 |
_aالمكتبيون _2qrmak |
| 650 | 0 | 7 |
_aالمكتبات، علم _2qrmak |
| 650 | 0 | 7 |
_aالببليوجرافيا _2qrmak |
| 651 | _2qrmak | ||
| 942 |
_2ddc _cBK |
||